02112 2200313 4500001002100000005001500021035002000036006001900056007000300075008004100078020002200119040002200141082001100163084001700174100002900191245007900220264004500299300003800344336002100382337003000403338002300433504003300456520120500489650002601694650002401720850001201744999002401756990001801780INLIS00000000113641420250214104407 a0010-0225000066aa g 000 0dta250214 g 0 ind  a978-623-6133-05-7 aJKPNPNAbinderda a658.87 a658.87 IBR m0 aIbrahim Daud,ePengarang1 aManajemen pemasaran :bdengan pendekatan digital marketing /cIbrahim Daud aSidoarjo :bCV. Indomedia Pustaka,c2021 a136 halaman :bilustrasi ;c24 cm 2rdacontentateks 2rdamediaatanpa perantara 2rdacarrieravolume aBibliografi: halaman 127-128 aSejarah Pemasaran Pemasaran tumbuh dan berkembang sebagaimana masyarakat tumbuh dan berkembang,yang dimulai dari sebuah tahap perekonomian yang mendasarkan pada pertanian dan pemenuhan kebutuhan sendiri menjadi tahap perekonomian yang mendasarkan pembagian tugas/spesialisasi pekerjaan kemudian industrialisasi dan urbanisasi. Untuk lebih jelasnya tahapan-tahapan tersebut meliputi: Pertama yaitu ketika satuan keluarga masih membuat sendiri segala kebutuhan hidupnya, seperti menanam sendiri untuk memenuhi kebutuhan pangannya, membuat pakaian dan perabot-perabot lain sendiri untuk memenuhi hajat hidupnya (produksi sendiri untuk dikonsumsi), maka pada tahap ini dalam masyarakat tersebut belum ada pemasaran sebab tidak terjadi pertukaran. Tahap kedua adalah tahap beberapa satuan keluarga berusaha bersama-sama dalam memenuhi kebutuhan hidupnya, misal ternak dan tanah ladang dikelola bersama untuk memenuhi hidup mereka. Dalam tahap ini yang disebut sebagai tahap pemilikan bersama, juga tidak terjadi pertukaran sehingga belum ada pemasaran. Tahap ketiga adalah tahap barter sederhana, yang dimulai dengan timbulnya pembagian tugas/spesialisasi pekerjaan. Dalam masing-masing kelompok keluarga. 4aPemasaran di internet 4aManajemen pemasaran aJKPNPNA aCB-D.13 2021-022357 a2024/HD/00391